Dlouhodobý rozvoj těžkého strojírenství do roku 2000 výskumná správa SPEV 901 111 415 01
Salvato in:
| Autore principale: | |
|---|---|
| Natura: | Libro |
| Lingua: | ceco |
| Pubblicazione: |
Praha
Ústřední ústav národohospodářského výzkumu
1985
|
| Tags: |
Nessun Tag, puoi essere il primo ad aggiungerne!!
|
MARC
| LEADER | 00000nam a2200000 4500 | ||
|---|---|---|---|
| 001 | c103330 | ||
| 005 | 20181203150244.7 | ||
| 041 | 0 | |a cze | |
| 044 | |a CZ | ||
| 245 | 1 | 0 | |a Dlouhodobý rozvoj těžkého strojírenství do roku 2000 |b výskumná správa SPEV 901 111 415 01 |c J. Vintera a kol. |
| 264 | 1 | |a Praha |b Ústřední ústav národohospodářského výzkumu |c 1985 | |
| 300 | |a Nestr. | ||
| 100 | 1 | |a Vintera, J. | |